Most Populated European Countries - 2100 - Statistics

General Stats
  • This quiz has been taken 320 times
    292 since last reset
  • The average score is 10 of 10
Answer Stats
Population in Millions Country % Correct
78 United Kingdom
100%
126 Russia
99%
65 France
98%
74 Germany
98%
40 Italy
98%
33 Spain
98%
23 Poland
96%
24 Ukraine
96%
15 Netherlands
94%
13 Sweden
89%
No matching quizzes found
Score Distribution
Percent of People with Each Score
Percentile by Number Answered
Your Score History
You have not taken this quiz since the last reset